Grandi artisti del '500 - Statistics

Statistiche generali
  • Questo quiz è stato fatto 219 volte
  • Il punteggio medio è 5 su 11
Statistiche sulle risposte
con Immagini Hint Risposta % Corretto
Gioconda (1503-06) Leonardo da Vinci
100%
Volta della Cappella Sistina (1508-12) Michelangelo Buonarroti
98%
Scuola di Atene (1509-11) Raffaello Sanzio
92%
Concerto campestre (1509) Tiziano Vecellio
54%
La tempesta (1502-03) Giorgione
47%
Trafugamento del corpo di San Marco (1562) Jacopo Robusti "Tintoretto"
35%
Sposalizio della Vergine (1501-04) Pietro Perugino
33%
Basilica di San Giorgio Maggiore (1566-1610) Andrea Palladio
25%
Sei poeti toscani (1544) Giorgio Vasari
20%
Cristo e l'angelo (1550) Alessandro Bonvicino "Il Moretto"
5%
Strage degli innocenti (1557) Daniele da Volterra "Il Brachettone"
2%
Nessun quiz corrispondente trovato
Distribuzione punteggi
Percentuale di utenti per punteggio
Percentile per numero di risposta
I tuoi punteggi nel tempo
Non hai fatto questo quiz